00474nam a2200109Ia 4500008004100000050002300041100002000064245015000084260008600234300002100320521002300341140724s9999 xx 000 0 und d aPN 441b.G913 2008 aGuansing, Paul. 2aA comparative study of the directing styles and socio-political themes used by Akira Kurosawa and Lino Brocka in selected films /cPaul Guansing. aLas Piñas, Philippines :bSouthville International School and Colleges,cc2008. a101 p. :c28 cm. aMass Communication